| 000 | 00428cam a2200181ua 4500 | ||
|---|---|---|---|
| 001 | 3169 | ||
| 008 | 111010n ii |||gr||||Z||||||asm | ||
| 040 | _cMAIN | ||
| 082 | _a891.4513 | ||
| 100 | 1 | _aBardoloi, Rajani Kanta, | |
| 245 | 1 | 0 |
_aRangili _cby Rajani Kanta Bardoloi |
| 250 | _a1st. | ||
| 260 |
_aGuahati: _bSahitya Prakash,987. |
||
| 300 |
_a160p: _c23cm. |
||
| 653 | _aAssamese novel | ||
| 653 | _aRangili | ||
| 942 | _cBK | ||
| 999 |
_c3015 _d3015 |
||